000 00593nam a2200217Ii 4500
003 JO-AjNU
008 230606s9999||||xx |||||||||||||| ||und||
020 _a0-415-70030-2(pbk) , 978-0-415-70030-6(pbk)
040 _aJO-AjNU
_beng
_erda
_cJO-AjNU
041 _aeng
050 1 4 _aPR2976 2009
100 3 _aPotolsky, Matthew,
_eauthor
_962
245 0 0 _aMIMESIS
250 _a1 ed
264 3 1 _aNew York:Routledge ,2009
300 _a176P
336 _atext
_btxt
_2rdacontent
337 _aunmediated
_bn
_2rdamedia
338 _avolume
_bnc
_2rdacarrier
650 4 _aMimesis in Literature
_963
999 _aE35
_c35
_d35